Jatfat englaz shikap. (Record no. 98644)

MARC details
000 -LEADER
fixed length control field 00587nam a2200193Ia 4500
003 - CONTROL NUMBER IDENTIFIER
control field OSt
005 - DATE AND TIME OF LATEST TRANSACTION
control field 20260518105911.0
008 - FIXED-LENGTH DATA ELEMENTS--GENERAL INFORMATION
fixed length control field 210210b1980 xxu||||| |||| 00| 0 eng d
040 ## - CATALOGING SOURCE
Transcribing agency AL
041 ## - LANGUAGE CODE
Language code of text/sound track or separate title Konkani
082 ## - DEWEY DECIMAL CLASSIFICATION NUMBER
Classification number 491.467 MINJ
100 ## - MAIN ENTRY--PERSONAL NAME
Personal name MINEZ (Vinnifred).
Dates associated with a name ಮಿನೆಜ್ (ವಿನ್ನಿಫ್ರೆಡ್)
9 (RLIN) 264032
245 ## - TITLE STATEMENT
Title Jatfat englaz shikap.
Remainder of title ಜಟ್ಪಟ್ ಇಂಗ್ಲಿಷ್ ಶಿಕಾಪ್.
260 ## - PUBLICATION, DISTRIBUTION, ETC.
Place of publication, distribution, etc. Mangalore
Name of publisher, distributor, etc. Jerosa company
Date of publication, distribution, etc. 1980
300 ## - PHYSICAL DESCRIPTION
Extent 116
690 ## - LOCAL SUBJECT ADDED ENTRY--TOPICAL TERM (OCLC, RLIN)
Topical term or geographic name as entry element Konkani Language
9 (RLIN) 264033
906 ## - LOCAL DATA ELEMENT F, LDF (RLIN)
a 049834
942 ## - ADDED ENTRY ELEMENTS (KOHA)
Source of classification or shelving scheme Dewey Decimal Classification
Koha item type Book
Holdings
Withdrawn status Lost status Source of classification or shelving scheme Damaged status Not for loan Collection code Home library Current library Shelving location Date acquired Cost, normal purchase price Total Checkouts Full call number Barcode Date last seen Price effective from Koha item type
    Dewey Decimal Classification     Konkani St Aloysius Library St Aloysius Library   02/17/2021 0.00   491.467 MINJ 049834 02/17/2021 02/17/2021 Book